000 00690nam a22001817a 4500
005 20120309160743.0
020 _a8122308953
_c160.00
035 _aB-162312
037 _aDPL
_bENG
100 _aLorayne, Harry
_943660
245 _aThe complete guide to memory mastery :
_bOrganising and developing the power of your mind /
_cby Harry Lorayne
250 _a2nd ed.
260 _aDelhi
_bPustak Mahal
_c2005
300 _a302p.
_c20 cms.
942 _2ddc
_cEN
_h150
_mLOR
999 _c63923
_d63923